| 000 | 00378nam a2200133Ia 4500 | ||
|---|---|---|---|
| 008 | 220217s9999||||xx |||||||||||||| ||und|| | ||
| 020 | _a81-280-0007-1 | ||
| 082 | _a005.13 NAN | ||
| 100 | _aNandagopalan, S | ||
| 245 | 0 | _aAnalysis and design of algorithms with C and C++ | |
| 260 |
_aSapna book house _bBangalore _c2002 |
||
| 300 | _b185 | ||
| 650 | _aPROGRAMMING LANGUAGE | ||
| 999 |
_c170064 _d170064 |
||